00425 a2200145 4500010001400000020002300014035001300037037001500050082000600065100002500071245004300096260004100139270007100180300002800251 aENG-87999 a8121403642c175.00 aEN-71532 bDBAD / PUB14aN1 aVaid, Krishna Baldev1 aBimal in bog /cby Krishna Baldev Vaid aNew DelhibNational Paperbacksc2006 a2/35, Ansari Road, Darya GanjbNew Delhie110 002cDelhik23254407 a313 p.c21.5 cm ( Pbk.)